|
|
|
|
| LEADER |
01782nam a2200505 4500 |
| 001 |
ocn881840020 |
| 003 |
OCoLC |
| 005 |
20170124071105.4 |
| 006 |
m o d |
| 007 |
cr |n||||||||| |
| 008 |
120625s2011 gw a ob 001 0 eng d |
| 040 |
|
|
|a IDEBK
|b eng
|e pn
|c IDEBK
|d OCLCO
|d DG1
|d OCLCF
|d OCLCQ
|d DEBBG
|d OCLCQ
|d GrThAP
|
| 020 |
|
|
|a 9783527689897
|q (electronic bk.)
|
| 020 |
|
|
|a 3527689893
|q (electronic bk.)
|
| 020 |
|
|
|a 130689252X
|q (ebk)
|
| 020 |
|
|
|a 9781306892520
|q (ebk)
|
| 029 |
1 |
|
|a CHBIS
|b 010442170
|
| 029 |
1 |
|
|a CHVBK
|b 334087880
|
| 029 |
1 |
|
|a DEBBG
|b BV043396944
|
| 029 |
1 |
|
|a GBVCP
|b 821065106
|
| 029 |
1 |
|
|a NZ1
|b 15915282
|
| 035 |
|
|
|a (OCoLC)881840020
|
| 037 |
|
|
|a 620503
|b MIL
|
| 050 |
|
4 |
|a QD878
|b .F84 2011eb
|
| 082 |
0 |
4 |
|a 621.381
|2 22
|
| 049 |
|
|
|a MAIN
|
| 245 |
0 |
0 |
|a Functional supramolecular architectures :
|b for organic electronics and nanotechnology /
|c edited by Paolo Samori and Franco Cacialli.
|
| 264 |
|
1 |
|a Weinheim, Germany :
|b Wiley-VCH,
|c [2011]
|
| 264 |
|
4 |
|c ©2011
|
| 300 |
|
|
|a 1 online resource (2 volumes (xxxv, 994 pages)) :
|b illustrations (some color)
|
| 336 |
|
|
|a text
|b txt
|2 rdacontent
|
| 337 |
|
|
|a computer
|b c
|2 rdamedia
|
| 338 |
|
|
|a online resource
|b cr
|2 rdacarrier
|
| 504 |
|
|
|a Includes bibliographical references and index.
|
| 588 |
0 |
|
|a Print version record.
|
| 650 |
|
0 |
|a Supramolecular chemistry.
|
| 650 |
|
0 |
|a Molecular electronics.
|
| 650 |
|
7 |
|a Molecular electronics.
|2 fast
|0 (OCoLC)fst01024787
|
| 650 |
|
7 |
|a Supramolecular chemistry.
|2 fast
|0 (OCoLC)fst01139159
|
| 655 |
|
4 |
|a Electronic books.
|
| 700 |
1 |
|
|a Samor i, Paolo.
|
| 700 |
1 |
|
|a Cacialli, Franco.
|
| 776 |
0 |
8 |
|i Print version:
|w (DLC) 2012392147
|
| 856 |
4 |
0 |
|u https://doi.org/10.1002/9783527689897
|z Full Text via HEAL-Link
|
| 994 |
|
|
|a 92
|b DG1
|